E - commerce Business on the Internet
Includes index; Canada-Vietnam Education Network;
Đã lưu trong:
| Tác giả chính: | |
|---|---|
| Tác giả khác: | |
| Định dạng: | Sách |
| Ngôn ngữ: | Undetermined |
| Được phát hành: |
Cincinnati, OH
South-Western Educational Pub
2000
|
| Những chủ đề: | |
| Truy cập trực tuyến: | http://lrc.tdmu.edu.vn/opac/search/detail.asp?aID=2&ID=7628 |
| Các nhãn: |
Thêm thẻ
Không có thẻ, Là người đầu tiên thẻ bản ghi này!
|
| Thư viện lưu trữ: | Trung tâm Học liệu Trường Đại học Thủ Dầu Một |
|---|
| LEADER | 00785nam a2200229Ia 4500 | ||
|---|---|---|---|
| 001 | TDMU_7628 | ||
| 008 | 210410s9999 xx 000 0 und d | ||
| 082 | |a 658.8 | ||
| 090 | |b M109 | ||
| 100 | |a McLaren, Constance H | ||
| 245 | 0 | |a E - commerce | |
| 245 | 0 | |b Business on the Internet | |
| 245 | 0 | |c Constance H. McLaren, Bruce J. McLaren | |
| 260 | |a Cincinnati, OH | ||
| 260 | |b South-Western Educational Pub | ||
| 260 | |c 2000 | ||
| 300 | |a xii, 291 p | ||
| 520 | |a Includes index; Canada-Vietnam Education Network; |c tặng; |d 2010 | ||
| 650 | |a Electronic commerce; Business |x Internet marketing | ||
| 700 | |a McLaren, Bruce J | ||
| 856 | |u http://lrc.tdmu.edu.vn/opac/search/detail.asp?aID=2&ID=7628 | ||
| 980 | |a Trung tâm Học liệu Trường Đại học Thủ Dầu Một | ||